| 000 | 00989nam a2200373 a 4500 | ||
|---|---|---|---|
| 003 | AR-BaBNM | ||
| 005 | 20251128210937.0 | ||
| 008 | 082120s2002 ||||||||||||||000 | spa|| | ||
| 020 | _a950-701-214-1 | ||
| 040 | _cAR-BaBNM | ||
| 100 | 1 | _aForero, María Teresa | |
| 245 | 0 | 0 |
_aPáginas con Mendoza _bantología |
| 250 | _a1ª ed. | ||
| 260 |
_aBuenos Aires _bAique _c1994 |
||
| 300 |
_a126 p. _bil., fot. |
||
| 500 | _aContiene datos sobre los autores | ||
| 650 | 4 | _aLITERATURA ARGENTINA | |
| 650 | 4 | _aLITERATURA INFANTIL | |
| 650 | 4 | _aLIBROS PARA NIÑOS | |
| 650 | 4 | _aCUENTOS | |
| 650 | 4 | _aPOESIA | |
| 650 | 4 | _aENTREVISTAS | |
| 650 | 4 | _aACTIVIDADES DE APRENDIZAJE | |
| 650 | 4 | _aLITERATURA FOLKLORICA | |
| 650 | 4 | _aANTOLOGIAS | |
| 651 | 4 | _aMendoza | |
| 653 | _aEDUCACION PRIMARIA | ||
| 653 | _aENSEÑANZA DE LA LITERATURA | ||
| 655 | _aLITERATURA | ||
| 700 | 1 | _aSalomone, Mirtha B. de | |
| 700 | 1 | _aServera, Esther T. de | |
| 942 | _cBK | ||
| 998 | _cRAQUEL | ||
| 999 |
_c17573 _d17573 |
||